Statistics for Bordering Countries by Country Shape #2

Click here to take the quiz!

General Stats

  • This quiz has been taken 303 times
  • The average score is 6 of 7

Answer Stats

Country% Correct
Russia
99%
Belarus
94%
Romania
93%
Moldova
92%
Poland
90%
Hungary
89%
Slovakia
86%

Score Distribution

Percentile by Number Answered

Percent of People with Each Score

Your Score History

You have not taken this quiz